Library Banner

Kirghiz soviet socialist republic (Record no. 78660)

MARC details
000 -LEADER
fixed length control field 00330nam a22001337a 4500
005 - DATE AND TIME OF LATEST TRANSACTION
control field 20151103161323.0
008 - FIXED-LENGTH DATA ELEMENTS--GENERAL INFORMATION
fixed length control field 151103b xxu||||| |||| 00| 0 eng d
040 ## - CATALOGING SOURCE
Transcribing agency PK-LaUMT
082 ## - DEWEY DECIMAL CLASSIFICATION NUMBER
Classification number AMC 958.43
Item number KIR-
245 ## - TITLE STATEMENT
Title Kirghiz soviet socialist republic
Statement of responsibility, etc [ ]
260 ## - PUBLICATION, DISTRIBUTION, ETC. (IMPRINT)
Place of publication, distribution, etc Moscow
Name of publisher, distributor, etc Novosti
Date of publication, distribution, etc 1972
300 ## - PHYSICAL DESCRIPTION
Extent 49 p.
942 ## - ADDED ENTRY ELEMENTS (KOHA)
Koha item type Books
Holdings
Withdrawn status Lost status Damaged status Home library Current library Date acquired Full call number Barcode Date last seen Price effective from Koha item type
      UMT Main Campus UMT Main Campus 2015-11-03 AMC 958.43 KIR- 85926 2015-11-03 2015-11-03 Books